| 000 | 01639cam a22003018a 4500 | ||
|---|---|---|---|
| 001 | 15141729 | ||
| 005 | 20080115161803.0 | ||
| 008 | 080114s2008 nyu 000 0 eng | ||
| 010 | _a 2007052724 | ||
| 020 | _a9780415429054 (hbk) | ||
| 020 | _a9780415429061 (pbk) | ||
| 020 | _a9780203894675 (ebk) | ||
| 040 |
_aDLC _cDLC |
||
| 050 | 0 | 0 |
_aHV713 _b.R44 2008 |
| 082 | 0 | 0 |
_a362.7 _222 _bREF |
| 245 | 0 | 0 |
_aReforming child protection / _cBob Lonne ... [et al.]. |
| 260 |
_aNew York, NY : _bRoutledge, _c2008. |
||
| 263 | _a0806 | ||
| 300 |
_a213p.; _c22 cm. |
||
| 505 | 0 | _aReforming child protection : principles and themes of effective child, family and community well-being -- The chequered history of contemporary child protection practice -- Differential responses and changing social mandates -- The troubled state of organizational environments -- Service users and stakeholders -- Reforming child protection : principles and processes -- A new ethical and practice framework -- Effective organizational and service delivery models -- Planning and implementing change -- Change and the future of child and family well-being practice. | |
| 650 | 0 |
_aChild welfare _zEnglish-speaking countries. _95649 |
|
| 650 | 0 |
_aChildren _xServices for _zEnglish-speaking countries. _95650 |
|
| 650 | 0 |
_aSocial work with children _zEnglish-speaking countries. _95651 |
|
| 700 | 1 |
_aLonne, Bob. _95652 |
|
| 942 |
_2ddc _cBB |
||
| 999 |
_c11696 _d11696 |
||